Catholic University of Zimbabwe Library
Online Public Access Catalogue
(OPAC)

Beyond Lift Every Voice and Sing (Record no. 24421)

MARC details
000 -LEADER
fixed length control field 02579cam a22005654a 4500
001 - CONTROL NUMBER
control field muse33583
003 - CONTROL NUMBER IDENTIFIER
control field MdBmJHUP
005 - DATE AND TIME OF LATEST TRANSACTION
control field 20210127151040.0
006 - FIXED-LENGTH DATA ELEMENTS--ADDITIONAL MATERIAL CHARACTERISTICS
fixed length control field m o d
007 - PHYSICAL DESCRIPTION FIXED FIELD--GENERAL INFORMATION
fixed length control field cr||||||||nn|n
008 - FIXED-LENGTH DATA ELEMENTS--GENERAL INFORMATION
fixed length control field 081103s2009 ohu o 00 0 eng d
010 ## - LIBRARY OF CONGRESS CONTROL NUMBER
Canceled/invalid LC control number 2008048102
020 ## - INTERNATIONAL STANDARD BOOK NUMBER
International Standard Book Number 9780814271513
020 ## - INTERNATIONAL STANDARD BOOK NUMBER
International Standard Book Number 0814271510
020 ## - INTERNATIONAL STANDARD BOOK NUMBER
Canceled/invalid ISBN 9780814211007 (cloth : alk. paper)
020 ## - INTERNATIONAL STANDARD BOOK NUMBER
Canceled/invalid ISBN 0814211003 (cloth : alk. paper)
020 ## - INTERNATIONAL STANDARD BOOK NUMBER
Canceled/invalid ISBN 9780814291986 (CD-ROM)
020 ## - INTERNATIONAL STANDARD BOOK NUMBER
Canceled/invalid ISBN 0814291988 (CD-ROM)
035 ## - SYSTEM CONTROL NUMBER
System control number (OCoLC)671558271
040 ## - CATALOGING SOURCE
Original cataloging agency MdBmJHUP
Transcribing agency MdBmJHUP
043 ## - GEOGRAPHIC AREA CODE
Geographic area code n-us---
050 04 - LIBRARY OF CONGRESS CALL NUMBER
Classification number ML1711
Item number .S46 2009
082 0# - DEWEY DECIMAL CLASSIFICATION NUMBER
Classification number 792.6089/96073
Edition number 22
100 1# - MAIN ENTRY--PERSONAL NAME
Personal name Seniors, Paula Marie.
245 10 - TITLE STATEMENT
Title Beyond Lift Every Voice and Sing
Remainder of title The Culture of Uplift, Identity, and Politics in Black Musical Theatre /
Statement of responsibility, etc. Paula Marie Seniors.
264 #1 - PRODUCTION, PUBLICATION, DISTRIBUTION, MANUFACTURE, AND COPYRIGHT NOTICE
Name of producer, publisher, distributor, manufacturer Ohio State University Press,
264 #3 - PRODUCTION, PUBLICATION, DISTRIBUTION, MANUFACTURE, AND COPYRIGHT NOTICE
Name of producer, publisher, distributor, manufacturer Project MUSE,
300 ## - PHYSICAL DESCRIPTION
Extent 1 online resource (xv, 292 p.) :
Other physical details ill. ;
490 0# - SERIES STATEMENT
Series statement Black performance and cultural criticism
504 ## - BIBLIOGRAPHY, ETC. NOTE
Bibliography, etc. note Includes bibliographical references (p. 235-270) and index.
505 0# - FORMATTED CONTENTS NOTE
Formatted contents note The origins of the Cole and Johnson musical theater team -- Cole and Johnson's social and political thought : the case of Shoo fly regiment and the Spanish-American war -- Theatrical imaginings : Cole and Johnson's The shoo fly regiment -- The red moon : the interconnections between theater and history, the black and native Americanization program at Hampton Institute -- Cole and Johnson and the Gibson Gal : gender, race and uplift.
506 0# - RESTRICTIONS ON ACCESS NOTE
Terms governing access Open Access
Standardized terminology for access restriction Unrestricted online access
Source of term star
588 ## - SOURCE OF DESCRIPTION NOTE
Source of description note Description based on print version record.
650 #0 - SUBJECT ADDED ENTRY--TOPICAL TERM
Topical term or geographic name entry element Musical theater
Geographic subdivision United States
General subdivision History.
650 #0 - SUBJECT ADDED ENTRY--TOPICAL TERM
Topical term or geographic name entry element African Americans in musical theater
General subdivision History.
600 11 - SUBJECT ADDED ENTRY--PERSONAL NAME
Personal name Cole, Bob,
Dates associated with a name 1868-1911.
600 11 - SUBJECT ADDED ENTRY--PERSONAL NAME
Personal name Johnson, J. Rosamond
Fuller form of name (John Rosamond),
Dates associated with a name 1873-1954.
600 11 - SUBJECT ADDED ENTRY--PERSONAL NAME
Personal name Johnson, James Weldon,
Dates associated with a name 1871-1938.
655 #7 - INDEX TERM--GENRE/FORM
Genre/form data or focus term Electronic books.
Source of term local
710 2# - ADDED ENTRY--CORPORATE NAME
Corporate name or jurisdiction name as entry element Project Muse.
Relator term distributor
830 #0 - SERIES ADDED ENTRY--UNIFORM TITLE
Uniform title Book collections on Project MUSE.
856 40 - ELECTRONIC LOCATION AND ACCESS
Public note Full text available:
Uniform Resource Identifier <a href="https://muse.jhu.edu/book/27774/">https://muse.jhu.edu/book/27774/</a>
945 ## - LOCAL PROCESSING INFORMATION (OCLC)
a Project MUSE - Archive Film, Theater and Performing Arts Supplement III
945 ## - LOCAL PROCESSING INFORMATION (OCLC)
a Project MUSE - Archive Complete Supplement III
945 ## - LOCAL PROCESSING INFORMATION (OCLC)
a Project MUSE - Archive American Studies Supplement II
Holdings
Withdrawn status Lost status Source of classification or shelving scheme Damaged status Not for loan Home library Current library Shelving location Date acquired Total Checkouts Full call number Date last seen Uniform Resource Identifier Price effective from Koha item type
          Digital Library Digital Library Online Access 27.01.2021   ML1711 .S46 2009 27.01.2021 https://muse.jhu.edu/book/27774/ 27.01.2021 eBook

OPENING HOURS

Weekdays: 0815hrs - 1800hrs
Weekends:0900hrs - 1200hrs

Closed for Mass:

Mon, Thur: 1200hrs - 1300hrs
Sunday & Public Holiday’s

CALL SUPPORT

0242-570570, 0242-570169
09200664, +263 8644140602

LOCATION

18443, Cranborne Avenue, Hatfield, Harare

Other Links


©2021 | CUZ Library